Paroles Sanctuary - Tip Stevens - Statistiques

Statistiques générales
  • Ce quiz a été pris 45 fois
  • Le résultat moyen est 122 sur 185
Statistiques - réponses
Lyrics % Correct
(...)
100%
I
95%
sanctuary
95%
the
95%
a
91%
is
91%
Ô
91%
we
91%
you
91%
have
86%
it
86%
my
86%
So
86%
so
86%
This
82%
can
77%
last
77%
me,
77%
me
77%
to
77%
what
77%
and
73%
And
73%
if
73%
it's
73%
see
73%
See
73%
for
68%
how
68%
How
68%
Look,
68%
look
68%
not
68%
of
68%
they
68%
tragedy,
68%
tragedy
68%
don't
64%
down
64%
FIGHT!
64%
In
64%
shines
64%
But
59%
Keep
59%
Let's
59%
Now
59%
pure
59%
want
59%
with
59%
centuries
55%
come
55%
alive
50%
didn't
50%
only
50%
reef
50%
Sorry
50%
spread
50%
try
50%
word
50%
At
45%
Carry
45%
carry
45%
first
45%
Give
45%
make
45%
oblivion
45%
them
45%
you'd
45%
believe
41%
really
41%
understand
41%
Unless
41%
gift
36%
save
36%
fail
32%
Just
32%
They'll
32%
words
32%
deserve
27%
get
27%
good
27%
meaning
27%
messenger
27%
shall
27%
soiled
27%
these
27%
upper
27%
casualties
23%
counts
23%
grounds
23%
taste
23%
Nobody
18%
breathe
14%
Aucun quiz correspondant
Distribution des résultats
% des personnes avec chaque résultat
Percentile par nombre de réponses
Votre historique - résultats
Vous n’avez pas pris ce quiz